000 00531cam a2200169 4500500
005 20260405002802.0
041 _afre
042 _adc
100 1 0 _ade Oliveira, Victorine
_eauthor
245 0 0 _aHegel commenté par Catherine Malabou
260 _c2018.
500 _a18
690 _aCatherine Malabou
690 _aHegel
786 0 _nPhilosophie magazine | 123 | 10 | 2018-10-01 | p. 34-34 | 1951-1787
856 4 1 _uhttps://shs.cairn.info/magazine-philosophie-magazine-2018-10-page-34?lang=fr&redirect-ssocas=7080
999 _c2061127
_d2061127